000 00354nam a2200157Ia 4500
008 230524s9999 xx 000 0 und d
082 _a4.133
_bHTM
100 _aSybex INC
245 0 _aHTML Complete
250 _a1ST
260 _aNEW DELHI
_bBPB
_c1999
300 _aXXIII;1028
500 _aQuantity Number: 3
650 _aComp-Sc
942 _cBK
999 _c14182
_d14182